000 00453nam a2200145 i 4500
001 bg
245 0 _aOddziaływanie przetworzonych odpadów materiałów organicznych na glebę i roślinę.
260 _aWarszwa,
_c1989.
490 1 _aZeszyty Problemowe Postępów Nauk Rolniczych ;
_vz.370
830 _aZeszyty Problemowe Postępów Nauk Rolniczych ;
040 _cBPK
041 _apol
942 _cKS
008 s pl f |000 0 pol
999 _c28822
_d28822
856 _uhttp://koha.tu.koszalin.pl/cgi-bin/koha/opac-detail.pl?biblionumber=28822
_yKatalog online BPK